Sabrina Carpenter - Paroles Coincidence - Statistiques

Statistiques générales
  • Ce quiz a été pris 69 fois
  • Le résultat moyen est 232 sur 277
Statistiques - réponses
Hint Réponse % Correct
a
100%
I
100%
What
100%
what
100%
you
100%
your
100%
Your
100%
coincidence
98%
coincidence,
98%
(Coincidence)
98%
her
98%
huh
98%
Outro | Post-refrain Oh,
98%
to
98%
uh
98%
woo
98%
died
95%
it
95%
it,
95%
just
95%
L.A.
95%
my
95%
phone
95%
She
95%
she
95%
she's
95%
Couplet 1 The
95%
the
95%
And
93%
and
93%
got
93%
knew,
93%
on
93%
real
93%
sense
93%
sense)
93%
surprise,
93%
in
90%
put
90%
second
90%
up
90%
6th
88%
car
88%
chest
88%
common
88%
drove
88%
from
88%
head
88%
Couplet 2 Last
88%
lost
88%
Now
88%
all
85%
damn
85%
Damn
85%
me
85%
any
83%
have
83%
itself
83%
life
83%
mouth
83%
na
83%
na,
83%
Na
83%
said
83%
said)
83%
again
80%
back
80%
broke
80%
city
80%
comes
80%
for
80%
less
80%
looks
80%
night
80%
same
80%
twice
80%
you're
80%
by
78%
girl
78%
like
78%
present
78%
tongue
78%
week,
78%
didn't
75%
friends
75%
mutual
75%
nice,
75%
sendin'
75%
you've
75%
(You've
75%
7
73%
but
73%
holding
73%
once,
73%
side?
73%
space
73%
This
73%
truth,
73%
way
73%
kinda
70%
name
70%
Palm
70%
pictures
70%
Springs
70%
that's
70%
(That's
70%
told
70%
who's
70%
bein'
68%
minus
68%
(minus
68%
past
68%
doubts
65%
of
65%
some
65%
tense,
65%
then
65%
without
65%
Intro 1
63%
here,
63%
outgrew
63%
thighs
63%
Suckin'
60%
2
58%
percent
58%
percent)
58%
3
55%
even
55%
into
55%
Least
48%
turn
48%
wow,
45%
Tryna
35%
shе's
3%
wеarin'
3%
Aucun quiz correspondant
Distribution des résultats
% des personnes avec chaque résultat
Percentile par nombre de réponses
Votre historique - résultats
Vous n’avez pas pris ce quiz